|
|
|
|
| LEADER |
00000nam a2200000 a 4500 |
| 001 |
vtls011902913 |
| 003 |
SK-MaSNL |
| 005 |
20260302060656.0 |
| 008 |
251112 1741 gw 000 0 lat |
| 015 |
|
|
|a SNBHFA1741
|
| 040 |
|
|
|a SNKHF
|b slo
|c SNK
|e AACR2
|
| 041 |
0 |
|
|a lat
|
| 044 |
|
|
|a gw
|c DE
|
| 072 |
|
7 |
|a 2-1
|x Prirodzená teológia. Náboženská filozofia
|2 konspekt
|
| 080 |
|
|
|a 2-1
|2 2011
|
| 100 |
1 |
|
|a Haferung, Johann Caspar,
|d 1669-1744
|4 aut
|9 349699
|
| 245 |
1 |
3 |
|a De Differentia Inter Moralitatem Regenitorum Et Irregenitorum Paucis Agit, Et Ad Audiendas Recitationes Theologiae Moralis
|c Cras, B.C.D. Avspicandas Honoratissimos Dominos Commilitones Perofficiose Invitat Io. Caspar Haferung D.
|
| 246 |
3 |
0 |
|a Differentia Inter Moralitatem Regenitorum Et Irregenitorum Paucis Agit
|
| 260 |
|
|
|a Vitembergae
|b Literis Ephraim Gottlob Eichsfeldi, Academiae Typographi
|c Anno MDCCXLI. [=1741]
|
| 300 |
|
|
|a [8] s.
|c 19 cm
|
| 500 |
|
|
|a Vlys, iniciálka bez pozadia na 5 r. neživé záhlavie, kustody, zložky
|
| 501 |
|
|
|a Príväzok 2. k: MUENDEN, Christian. Christiani Mvndenii S. Theol. D. Et P.P. H.T. Coll. Theol. Dec. Disqvisitio De Theologia Morali In Institvtionibvs Theologicis A Dogmatica Theologia Non Divellenda... Helmaestadii: Typis Pavli Dieterici Schnorrii Acad. Typogr., MDCCXXX. [=1730]
|5 SNK ID 101712
|
| 510 |
4 |
|
|a VD18
|c 10144900
|
| 561 |
|
|
|a Z knižnice Učenej spoločnosti malohontskej
|5 SNK ID 101712/prív.2
|
| 650 |
0 |
7 |
|a teológia
|2 SNKPH
|9 1814
|
| 650 |
0 |
7 |
|a náboženská filozofia
|2 SNKPH
|9 3774
|
| 710 |
0 |
|
|a Eichsfeld, Ephraim Gottlob (Wittenberg, Nemecko),
|d 1729-1764
|4 prt
|9 349700
|
| 710 |
2 |
|
|a Učená spoločnosť malohontská
|4 fmo
|9 205374
|
| 752 |
|
|
|a Nemecko
|d Wittenberg
|
| 852 |
|
|
|a snk
|b Historické fondy
|p SNK ID 101712/prív.2
|
| 958 |
|
|
|a DD
|
| 999 |
|
|
|c 1122147
|d 1124077
|
| 952 |
|
|
|t MHC 1241
|a SNK
|b SNK
|c SNK_HF
|y PREZ
|7 0
|p 17A1356834
|o snkID 101712/prív.2
|i snk2019/29890
|8 5
|0 0
|1 0
|4 0
|d 2019-11-25
|l 0
|r 2026-02-24 18:35:07
|w 2026-02-24
|